Capital, Culture, and the Commons / (Record no. 200204)

MARC details
000 -LEADER
fixed length control field 00563nam a22001937a 4500
005 - DATE AND TIME OF LATEST TRANSACTION
control field 20240118115033.0
010 ## - LCCN (DPL NO)
LC control number ENG-138926
020 ## - INTERNATIONAL STANDARD BOOK NUMBER
Terms of availability 395.00
International Standard Book Number 9788178246611
035 ## - SYSTEM CONTROL NUMBER
System control number EN-122458
037 ## - SOURCE OF ACQUISITION
Source of stock number/acquisition DBAD/PUB
082 ## - DEWEY DECIMAL CLASSIFICATION NUMBER
Classification number 321.8
100 ## - MAIN ENTRY--PERSONAL NAME
Personal name Bilgrami, Akeel
245 ## - TITLE STATEMENT
Title Capital, Culture, and the Commons /
260 ## - PUBLICATION, DISTRIBUTION, ETC. (IMPRINT)
Place of publication, distribution, etc Ranikhet
Name of publisher, distributor, etc Permanent Black
270 ## - ADDRESS
City Ranikhet
Address Himalayana, Mall Road, Ranikhet
Postal code 263645
300 ## - PHYSICAL DESCRIPTION
Extent 107 pg.
Dimensions 20 cm(pbk)
710 ## - ADDED ENTRY--CORPORATE NAME
Corporate name or jurisdiction name as entry element Roma Chatterjee
Relator term Editor
9 (RLIN) 59600
942 ## - ADDED ENTRY ELEMENTS (KOHA)
Source of classification or shelving scheme Dewey Decimal Classification
Item type English Books
Classification part 321.8
Call number suffix BIL
Holdings
Withdrawn status Lost status Not for loan Collection code Home library Current library Date acquired Source of acquisition Cost, normal purchase price Full call number Barcode Copy number Cost, replacement price Koha item type
      Non-fiction Sarojini Nagar Sarojini Nagar 18/01/2024 DBAD/PUB 395.00 321.8 BIL EN-122458 1 395.00 English Books

© Delhi Public Library
Hit Counter
free hit counter